Vocabulary / (Record no. 12611)

000 -LEADER
fixed length control field 00461nam a2200181Ia 4500
020 ## - INTERNATIONAL STANDARD BOOK NUMBER
ISBN 0194370917 (pbk) :
040 ## - CATALOGING SOURCE
Transcribing agency UKM
082 0# - DEWEY DECIMAL CLASSIFICATION NUMBER
Classification number 428 OXF 1986 A022 Or.
100 10 - MAIN ENTRY--AUTHOR NAME
Personal name Morgan, John,
245 10 - TITLE STATEMENT
Title Vocabulary /
260 0# - PUBLICATION, DISTRIBUTION, ETC. (IMPRINT)
Place of publication Oxford :
Name of publisher Oxford University Press,
Year of publication 1986
300 ## - PHYSICAL DESCRIPTION
Number of Pages 125 p. :
Other physical details ill. ;
Dimensions 25 cm
490 0# - SERIES STATEMENT
Series statement Resource books for teachers
650 #0 - SUBJECT ADDED ENTRY--TOPICAL TERM
Topical Term English language
650 #0 - SUBJECT ADDED ENTRY--TOPICAL TERM
Topical Term Vocabulary
700 10 - ADDED ENTRY--PERSONAL NAME
Personal name Rinvolucri, Mario
942 ## - ADDED ENTRY ELEMENTS (KOHA)
Koha item type សៀវភៅភាសាអង់គ្លេស
952 ## - LOCATION AND ITEM INFORMATION (KOHA)
Withdrawn status [LOCAL, KOHA] 0
Holdings
Permanent Location Date acquired Koha item type Lost status Shelving location Barcode Current Location Full call number
Library Block A2017-08-15សៀវភៅភាសាអង់គ្លេស A022A16663Library Block A428 OXF 1986 A022 Or.
មជ្ឈមណ្ឌលឯការនៃសាកលវិទ្យាល័យភូមិន្ទកសិកម្មចំការដូង

Powered by Koha